5HLuxD.jpg

KING HENRY VIII SENIOR AND PRIMARY SCHOOL LIBRARY OPAC

Dr. Jekyll and Mr. Hyde / (Record no. 165)

000 -LEADER
fixed length control field 01241cam a2200373Ia 4500
001 - CONTROL NUMBER
control field 59669279
003 - CONTROL NUMBER IDENTIFIER
control field OCoLC
005 - DATE AND TIME OF LATEST TRANSACTION
control field 20190729120708.0
008 - FIXED-LENGTH DATA ELEMENTS--GENERAL INFORMATION
fixed length control field 050426r20041981nyu b 000 1 eng d
020 ## - INTERNATIONAL STANDARD BOOK NUMBER
International Standard Book Number 055321277X (pbk.)
020 ## - INTERNATIONAL STANDARD BOOK NUMBER
International Standard Book Number 9780553212778 (pbk.)
035 ## - SYSTEM CONTROL NUMBER
System control number (OCoLC)59669279
040 ## - CATALOGING SOURCE
Original cataloging agency JVJ
Transcribing agency JVJ
Modifying agency BAKER
-- OCLCG
-- G8V
-- BGTON
-- NYP
049 ## - LOCAL HOLDINGS (OCLC)
Holding library NYPP
082 ## - DEWEY DECIMAL CLASSIFICATION NUMBER
Classification number FIC STE
090 ## - LOCALLY ASSIGNED LC-TYPE CALL NUMBER (OCLC); LOCAL CALL NUMBER (RLIN)
Classification number (OCLC) (R) ; Classification number, CALL (RLIN) (NR) PR5485
Local cutter number (OCLC) ; Book number/undivided call number, CALL (RLIN) .A1 1981x
091 ## - MICROFILM SHELF LOCATION (AM) [OBSOLETE]
Microfilm shelf location FIC
100 1# - MAIN ENTRY--PERSONAL NAME
Personal name Stevenson, Robert Louis,
Dates associated with a name 1850-1894.
Relator term author
245 10 - TITLE STATEMENT
Title Dr. Jekyll and Mr. Hyde /
Statement of responsibility, etc. by Robert Louis Stevenson ; with an afterword by Jerome Charyn.
260 ## - PUBLICATION, DISTRIBUTION, ETC.
Place of publication, distribution, etc. New York :
Name of publisher, distributor, etc. Bantam,
Date of publication, distribution, etc. 2004, 1981.
300 ## - PHYSICAL DESCRIPTION
Extent 98 p. ;
Dimensions 18 cm.
490 1# - SERIES STATEMENT
Series statement Bantam classic.
504 ## - BIBLIOGRAPHY, ETC. NOTE
Bibliography, etc. note Bibliography (p. 95-98).
520 ## - SUMMARY, ETC.
Summary, etc. The classic Robert Louis Stevenson novel about Dr. Jekyll, a kindly scientist whose reckless genius leads him to develop a monstrous second personality.
651 #0 - SUBJECT ADDED ENTRY--GEOGRAPHIC NAME
Geographic name England
General subdivision Social conditions
Chronological subdivision 19th century
Form subdivision Fiction.
651 #0 - SUBJECT ADDED ENTRY--GEOGRAPHIC NAME
Geographic name London (England)
Form subdivision Fiction.
700 ## - ADDED ENTRY--PERSONAL NAME
Personal name Charyn, Jerome
Relator term Writer of afterword
830 #0 - SERIES ADDED ENTRY--UNIFORM TITLE
Uniform title Bantam classic.
901 ## - LOCAL DATA ELEMENT A, LDA (RLIN)
a jmd
b CFT
c CATBL
901 ## - LOCAL DATA ELEMENT A, LDA (RLIN)
a MARS
942 ## - ADDED ENTRY ELEMENTS (KOHA)
Source of classification or shelving scheme
Koha item type Books - Fiction
945 ## - LOCAL PROCESSING INFORMATION (OCLC)
a .b185394528
946 ## - LOCAL PROCESSING INFORMATION (OCLC)
a m
Holdings
Withdrawn status Lost status Source of classification or shelving scheme Damaged status Not for loan Collection code Permanent Location Current Location Shelving location Date acquired Total Checkouts Full call number Barcode Date last seen Date last checked out Price effective from Koha item type
          Fiction KH8 Senior School Library KH8 Senior School Library Fiction 2019-07-29 1 FIC STE 3KHSL000101026 2025-07-02 2025-03-20 2019-07-29 Books - Fiction

Powered By KH8 IT Dept